| 000 | 00743nam a22002177a 4500 | ||
|---|---|---|---|
| 999 |
_c6459 _d6459 |
||
| 003 | AR-CdUCM | ||
| 008 | 190318b ||||| |||| 00| 0 spa d | ||
| 040 |
_aMUNICIPALIDAD PROVINCIAL DEL CUSCO _cBIBLIOTECA MUNICIPAL DEL CUSCO |
||
| 082 |
_a498.5103 / _bME5 |
||
| 100 |
_aCerron Palomino, Rodolfo _97429 |
||
| 245 |
_aDiccionario quechua : _bJunin - Huanca / |
||
| 300 |
_a274 paginas ; _c20 cm. |
||
| 440 |
_aMinisterio de educación _915645 |
||
| 505 | _aContenido : Prologo -- Introducción -- Abreviaturas empleadas -- Quechua - castellano ... | ||
| 650 |
_aDiccionario quechua _97357 |
||
| 650 |
_aQuechua _92063 |
||
| 650 |
_aJunin - Huanca _918308 |
||
| 710 |
_aMinisterio de educación _97870 |
||
| 942 |
_2ddc _cLIBROS |
||
| 945 | _arah | ||